Ordenamiento urbano para el desarrollo sustentable del siglo XXI: una propuesta integral /
Сохранить в:
| Главный автор: | |
|---|---|
| Формат: | Текст |
| Предметы: | |
| Метки: |
Добавить метку
Нет меток, Требуется 1-ая метка записи!
|
MARC
| LEADER | 00000 a a2200000 04500 | ||
|---|---|---|---|
| 001 | 5375 | ||
| 003 | |||
| 040 | |||
| 100 | |a Saldívar V, Américo | ||
| 245 | |a Ordenamiento urbano para el desarrollo sustentable del siglo XXI: |b una propuesta integral / |c Américo Saldívar V | ||
| 650 | |a ESTUDIOS SOBRE EL MEDIO AMBIENTE | ||
| 650 | |a DESARROLLO SOSTENIBLE | ||
| 650 | |a INDIVIDUOS | ||
| 650 | |a SOCIEDAD | ||
| 650 | |a DESARROLLO ECONOMICO | ||
| 650 | |a URBANIZACION | ||
| 773 | |g número 339; páginas 8-21 | ||
| 999 | |c 24138 |d 24138 | ||
